[Event "Ruhrgebiet Regionalliga 1314"]
[Site "Ruhrgebiet"]
[Date "2013.10.20"]
[Round "2.8"]
[White "Przybela, Franz"]
[Black "Baar, Michael"]
[Result "0-1"]
[WhiteElo "1625"]
[BlackElo "1850"]
[PlyCount "128"]
[EventDate "2013.09.22"]
[EventType "team-tourn"]
[EventRounds "9"]
[EventCountry "GER"]
[SourceTitle "EXT 2024"]
[Source "ChessBase"]
[SourceDate "2023.10.10"]
[SourceVersion "1"]
[SourceVersionDate "2023.10.10"]
[SourceQuality "1"]
[WhiteTeam "Koenigsspringer Hamm"]
[BlackTeam "Buer"]
[WhiteTeamCountry "GER"]
[BlackTeamCountry "GER"]

1. d4 g6 2. g3 Bg7 3. Bg2 c6 4. e3 d5 5. Ne2 Nf6 6. Nd2 Bf5 7. c4 Qd7 8. 0-0 Bh3 9. Nf4 Bxg2 10. Kxg2 g5 11. Nd3 dxc4 12. Ne5 Qd5+ 13. f3 b5 14. a4 Nbd7 15. Nxd7 Nxd7 16. Ne4 Nf6 17. Nc3 Qd7 18. e4 h6 19. Be3 e6 20. Bf2 0-0 21. Qd2 Rfd8 22. e5 Nd5 23. Ne4 Bxe5 24. dxe5 Nf4+ 25. gxf4 Qxd2 26. Nxd2 Rxd2 27. fxg5 hxg5 28. axb5 cxb5 29. Rab1 a5 30. Kg3 Rd5 31. Rfe1 Kh7 32. Rbd1 Rad8 33. Rxd5 Rxd5 34. Kg4 Rd2 35. Bb6 Rxb2 36. Bxa5 Kg6 37. Kg3 Rb3 38. Bc7 Kf5 39. h3 c3 40. Rc1 b4 41. Bd6 Rb2 42. Bxb4 Rxb4 43. Rxc3 Kxe5 44. Rc5+ Kf6 45. Ra5 e5 46. Ra6+ Kf5 47. Ra7 f6 48. Re7 e4 49. fxe4+ Rxe4 50. Rb7 Re3+ 51. Kg2 Kf4 52. Rb4+ Re4 53. Rb2 f5 54. Rf2+ Ke5 55. Ra2 Rd4 56. Ra5+ Kf4 57. Ra2 Ke3 58. Kg3 Rd3 59. Ra5 f4+ 60. Kg4 f3 61. Kxg5 f2 62. Rf5 Rd5 63. Rxd5 f1Q 64. h4 Qg2+ 0-1